Ekologické aspekty potravinárskych obalov

Guardado en:
Detalles Bibliográficos
Autor principal: Karkalíková, Marta
Otros Autores: Paškiová, Anna
Formato: Capítulo de libro
Lenguaje:eslovaco
Etiquetas: Agregar Etiqueta
Sin Etiquetas, Sea el primero en etiquetar este registro!

MARC

LEADER 00000naa a2200000 4500
001 0135552
005 20240502072523.3
041 0 |a slo 
044 |a SK 
245 1 0 |a Ekologické aspekty potravinárskych obalov  |c Marta Karkalíková, Anna Paškiová 
100 1 |a Karkalíková, Marta 
700 1 |a Paškiová, Anna